| 000 | 00635nam a22001577a 4500 | ||
|---|---|---|---|
| 020 | _a978-81-7993-136-3 | ||
| 082 |
_a001 _bBEN/E |
||
| 100 | _aSEN, BENITA | ||
| 245 | _aENERGY FROM THE NUCLEUS OF AN ATOM | ||
| 250 | _aFIRST EDITION | ||
| 260 |
_aDELHI _bTERI PRESS _c2009 |
||
| 300 | _a30 | ||
| 520 | _aCAN SOMETHING AS TINY AS THE ATOM PRODUCE MOST OF THE ENERGY THE WORLD NEEDS? CAN SOMETHING THAT HAS TAKEN THOUSANDS OF LIVES BE HARNESSED INTO A SAFE SOURCE OF ENERGY? HOW, INDEED, IS NUCLEAR ENERGY PRODUCED? FIND OUYT THE EARLIEST AND THE LATEST ON NUCLEAR ENERGY. | ||
| 650 |
_aNUCLEAR ENERGY, GREEN POWER _zINDIA |
||
| 942 | _cBK | ||
| 999 |
_c1919 _d1919 |
||